Central Library OPAC University of Rajshahi

Hockey / (Record no. 16670)

MARC details
000 -LEADER
fixed length control field 00679nam a22002412a 4500
001 - CONTROL NUMBER
control field 16670
003 - CONTROL NUMBER IDENTIFIER
rucl marc code BD-RjUL
005 - DATE AND TIME OF LATEST TRANSACTION
control field 20211209000034.0
008 - FIXED-LENGTH DATA ELEMENTS--GENERAL INFORMATION
fixed length control field 140215t1951 enkaf 000 0 eng d
035 ## - SYSTEM CONTROL NUMBER
System control number (BD-RjUL)16725
040 ## - CATALOGING SOURCE
Original cataloging agency DLC
Transcribing agency XBM
Modifying agency UKM
-- EQO
-- BD-RjUL
Language of cataloging eng
041 ## - LANGUAGE CODE
Language code of text/sound track or separate title eng
082 04 - DEWEY DECIMAL CLASSIFICATION NUMBER
Classification number 796.355
Author mark and year FIH 1951
100 1# - MAIN ENTRY--PERSONAL NAME
Personal name Fison, Robert Y.
9 (RLIN) 51492
245 00 - TITLE STATEMENT
Title Hockey /
Statement of responsibility, etc. by R. Y. Fison and R. L. Hollands. Foreword by Sir Leslie Rowan
260 ## - PUBLICATION, DISTRIBUTION, ETC. (IMPRINT)
Place of publication, distribution, etc. London :
Name of publisher, distributor, etc. N. Kaye,
Date of publication, distribution, etc. c1951.
300 ## - PHYSICAL DESCRIPTION
Pagination 158 p. :
Illustrations illus. ;
Size 19 cm.
650 #0 - SUBJECT ADDED ENTRY--TOPICAL TERM
Topical term or geographic name as entry element Field hockey
9 (RLIN) 50552
700 1# - ADDED ENTRY--PERSONAL NAME
Personal name Hollands, R.L.
942 ## - ADDED ENTRY ELEMENTS (KOHA)
Source of classification or shelving scheme Dewey Decimal Classification
Koha item type Books
Holdings
Lost status Source of classification or shelving scheme Damaged status Not for loan Collection code Permanent Location Current Location Shelving location Date acquired Source of acquisition Cost, normal purchase price Total Checkouts Full call number Date last seen Copy number Koha item type
  Dewey Decimal Classification   Not For Loan Non-fiction Central Library, University of Rajshahi Central Library, University of Rajshahi Reading Room 01/07/1963 Zeitlinger 10.60   796.355 FIH 1951 15/02/2014 C-1 Books